00265nam a22000977a 4500020001800000082001500018100002100033245005800054260004700112300000800159 a81-7100-572-1 a181.07 GRO aGrover, Verinder aMohammad Iqbal: Political Thinkers of Modern India-26 aNew DelhibDeep & Deep Publications c1995 a684